[Event "TMH"]
[Site "?"]
[Date "2021.12.20"]
[Round "5.8"]
[White "Botelho, Adelino"]
[Black "Farias, David"]
[Result "0-1"]
[BlackElo "1827"]
[WhiteElo "1412"]
[LiveChessVersion "1.4.8"]

1. d4 {[%clk 1:30:57]} Nf6 {[%clk 1:30:51]} 2. Nf3 {[%clk 1:31:19]} e6
{[%clk 1:30:10]} 3. Bg5 {[%clk 1:31:35]} c5 {[%clk 1:29:42]} 4. e3
{[%clk 1:31:53]} h6 {[%clk 1:29:33]} 5. Bf4 {[%clk 1:32:06]} b6 {[%clk 1:28:55]}
6. Nbd2 {[%clk 1:32:01]} Bb7 {[%clk 1:27:44]} 7. Bd3 {[%clk 1:32:10]} Be7
{[%clk 1:26:49]} 8. c3 {[%clk 1:32:28]} d6 {[%clk 1:25:49]} 9. h4
{[%clk 1:32:00]} Nbd7 {[%clk 1:14:38]} 10. Qe2 {[%clk 1:29:28]} O-O
{[%clk 1:07:51]} 11. Nc4 {[%clk 1:22:00]} Nb8 {[%clk 0:55:53]} 12. Rg1
{[%clk 1:20:40]} Nd5 {[%clk 0:52:12]} 13. g3 {[%clk 1:18:31]} b5 {[%clk 0:48:54]}
14. Ncd2 {[%clk 1:18:38]} c4 {[%clk 0:45:22]} 15. Bc2 {[%clk 1:18:06]} Nxf4
{[%clk 0:41:06]} 16. exf4 {[%clk 1:17:33]} Nd7 {[%clk 0:35:52]} 17. h5
{[%clk 1:16:40]} Re8 {[%clk 0:31:47]} 18. g4 {[%clk 1:16:13]} e5 {[%clk 0:26:26]}
19. dxe5 {[%clk 1:11:19]} dxe5 {[%clk 0:24:27]} 20. f5 {[%clk 1:10:05]} f6
{[%clk 0:21:11]} 21. Be4 {[%clk 1:06:07]} Qc7 {[%clk 0:19:04]} 22. Bxb7
{[%clk 1:06:04]} Qxb7 {[%clk 0:19:34]} 23. Ne4 {[%clk 1:03:54]} Nb6
{[%clk 0:18:31]} 24. Nfd2 {[%clk 0:52:35]} Nd5 {[%clk 0:17:52]} 25. Qf3
{[%clk 0:51:51]} Rad8 {[%clk 0:14:21]} 26. Qh1 {[%clk 0:50:10]} Qa6
{[%clk 0:12:17]} 27. Kf1 {[%clk 0:48:19]} Nf4 {[%clk 0:11:17]} 28. Nf3
{[%clk 0:44:03]} Rd3 {[%clk 0:09:50]} 29. Rg3 {[%clk 0:42:37]} Red8
{[%clk 0:08:18]} 30. Re1 {[%clk 0:37:46]} Rd1 {[%clk 0:05:56]} 31. g5
{[%clk 0:37:39]} fxg5 {[%clk 0:05:01]} 32. Nxe5 {[%clk 0:33:05]} Rxe1+
{[%clk 0:05:24]} 33. Kxe1 {[%clk 0:33:10]} Qxa2 {[%clk 0:05:01]} 0-1

[Event "TMH"]
[Site "?"]
[Date "2021.12.21"]
[Round "6.6"]
[White "Sousa, Nuno"]
[Black "Machiavelo, Antonio"]
[Result "1-0"]
[BlackElo "1699"]
[WhiteElo "1747"]
[LiveChessVersion "1.4.8"]

1. b3 {[%clk 1:30:57]} e5 {[%clk 1:30:14]} 2. Bb2 {[%clk 1:31:23]} Nc6
{[%clk 1:30:33]} 3. c4 {[%clk 1:31:48]} Bc5 {[%clk 1:30:35]} 4. e3
{[%clk 1:31:50]} d6 {[%clk 1:30:23]} 5. a3 {[%clk 1:32:09]} a5 {[%clk 1:28:35]}
6. Nf3 {[%clk 1:31:28]} Nf6 {[%clk 1:27:03]} 7. d4 {[%clk 1:30:44]} exd4
{[%clk 1:22:03]} 8. exd4 {[%clk 1:29:30]} Bb6 {[%clk 1:22:01]} 9. Be2
{[%clk 1:28:38]} d5 {[%clk 1:19:51]} 10. c5 {[%clk 1:28:45]} Ba7 {[%clk 1:20:11]}
11. O-O {[%clk 1:29:04]} O-O {[%clk 1:20:28]} 12. Ne5 {[%clk 1:22:31]} Bf5
{[%clk 1:12:07]} 13. Nxc6 {[%clk 1:22:05]} bxc6 {[%clk 1:12:26]} 14. Nd2
{[%clk 1:18:39]} Re8 {[%clk 1:11:27]} 15. Re1 {[%clk 1:18:10]} Re6
{[%clk 1:10:54]} 16. Nf1 {[%clk 1:10:56]} Ne4 {[%clk 1:06:52]} 17. f3
{[%clk 1:09:32]} Nxc5 {[%clk 1:03:49]} 18. dxc5 {[%clk 1:09:50]} Bxc5+
{[%clk 1:04:08]} 19. Bd4 {[%clk 1:10:08]} Bb6 {[%clk 1:04:26]} 20. Rc1
{[%clk 1:09:05]} Qe7 {[%clk 1:00:29]} 21. Ng3 {[%clk 1:08:03]} Bg6
{[%clk 1:00:43]} 22. a4 {[%clk 1:02:37]} Re8 {[%clk 1:00:56]} 23. Qd2
{[%clk 1:01:21]} h5 {[%clk 0:58:47]} 24. Bxb6 {[%clk 1:01:18]} cxb6
{[%clk 0:59:05]} 25. Kf2 {[%clk 0:59:33]} h4 {[%clk 0:52:09]} 26. Nf1
{[%clk 0:59:06]} d4 {[%clk 0:51:47]} 27. Bc4 {[%clk 0:58:01]} Rxe1
{[%clk 0:49:38]} 28. Rxe1 {[%clk 0:58:14]} Qxe1+ {[%clk 0:50:01]} 29. Qxe1
{[%clk 0:58:39]} Rxe1 {[%clk 0:50:24]} 30. Kxe1 {[%clk 0:59:04]} Kf8
{[%clk 0:50:32]} 31. Kd2 {[%clk 0:58:16]} f6 {[%clk 0:50:27]} 32. h3
{[%clk 0:57:43]} Ke7 {[%clk 0:50:43]} 33. Nh2 {[%clk 0:56:48]} Bf5
{[%clk 0:49:57]} 34. f4 {[%clk 0:56:55]} g5 {[%clk 0:50:03]} 35. Nf3
{[%clk 0:51:29]} Be4 {[%clk 0:48:18]} 36. Bf1 {[%clk 0:45:52]} c5
{[%clk 0:47:32]} 37. fxg5 {[%clk 0:46:10]} fxg5 {[%clk 0:47:50]} 38. Nxg5
{[%clk 0:46:24]} Bd5 {[%clk 0:48:04]} 39. Kc2 {[%clk 0:46:20]} Kf6
{[%clk 0:47:53]} 40. Nf3 {[%clk 0:46:41]} Bxf3 {[%clk 0:46:30]} 41. gxf3
{[%clk 0:47:00]} Kf5 {[%clk 0:46:48]} 42. Kd3 {[%clk 0:41:08]} Kf4
{[%clk 0:46:56]} 43. Kc4 {[%clk 0:34:31]} Kxf3 {[%clk 0:46:58]} 44. Kb5
{[%clk 0:34:56]} Ke3 {[%clk 0:47:20]} 45. Kxb6 {[%clk 0:35:15]} d3
{[%clk 0:47:40]} 46. Bxd3 {[%clk 0:35:21]} Kxd3 {[%clk 0:48:01]} 47. Kxc5
{[%clk 0:35:37]} 1-0

[Event "TMH"]
[Site "?"]
[Date "2021.12.21"]
[Round "6.7"]
[White "Andrade, Ricardo"]
[Black "Fonseca, Pedro"]
[Result "1/2-1/2"]
[BlackElo "1760"]
[WhiteElo "1816"]
[LiveChessVersion "1.4.8"]

1. d4 {[%clk 1:30:58]} d5 {[%clk 1:30:55]} 2. Nf3 {[%clk 1:31:12]} Nf6
{[%clk 1:31:18]} 3. c4 {[%clk 1:31:33]} e6 {[%clk 1:31:18]} 4. cxd5
{[%clk 1:30:49]} exd5 {[%clk 1:31:15]} 5. Nc3 {[%clk 1:31:15]} c6
{[%clk 1:30:18]} 6. Qc2 {[%clk 1:30:37]} g6 {[%clk 1:29:25]} 7. Bg5
{[%clk 1:30:43]} Be7 {[%clk 1:27:32]} 8. Bxf6 {[%clk 1:30:48]} Bxf6
{[%clk 1:27:50]} 9. e3 {[%clk 1:31:15]} Bf5 {[%clk 1:24:43]} 10. Bd3
{[%clk 1:30:51]} Bxd3 {[%clk 1:25:11]} 11. Qxd3 {[%clk 1:31:15]} a5
{[%clk 1:22:39]} 12. a3 {[%clk 1:24:58]} Nd7 {[%clk 1:20:31]} 13. O-O
{[%clk 1:24:46]} O-O {[%clk 1:19:44]} 14. b4 {[%clk 1:23:30]} axb4
{[%clk 1:14:05]} 15. axb4 {[%clk 1:22:46]} b5 {[%clk 1:09:25]} 16. Nd2
{[%clk 1:16:10]} Nb6 {[%clk 1:03:51]} 17. Nb3 {[%clk 1:15:04]} Be7
{[%clk 0:55:44]} 18. Rxa8 {[%clk 1:14:56]} Qxa8 {[%clk 0:54:30]} 19. Ra1
{[%clk 1:15:06]} Qc8 {[%clk 0:54:38]} 20. Nc5 {[%clk 1:14:22]} Bxc5
{[%clk 0:50:35]} 21. dxc5 {[%clk 1:13:00]} Nc4 {[%clk 0:50:08]} 22. Ne2
{[%clk 1:12:44]} Qb7 {[%clk 0:35:27]} 23. Nd4 {[%clk 1:10:59]} Re8
{[%clk 0:31:46]} 24. h4 {[%clk 1:03:30]} Ra8 {[%clk 0:26:30]} 25. Rxa8+
{[%clk 1:02:55]} Qxa8 {[%clk 0:26:57]} 26. h5 {[%clk 1:02:39]} Ne5
{[%clk 0:24:00]} 27. Qd1 {[%clk 1:01:41]} Qa3 {[%clk 0:22:57]} 28. hxg6
{[%clk 0:59:51]} hxg6 {[%clk 0:22:29]} 29. Nc2 {[%clk 0:53:18]} Qb3
{[%clk 0:19:05]} 30. Qa1 {[%clk 0:52:17]} Qxc2 {[%clk 0:18:07]} 31. Qxe5
{[%clk 0:52:39]} Qb1+ {[%clk 0:18:18]} 32. Kh2 {[%clk 0:53:04]} Qxb4
{[%clk 0:18:28]} 33. Qe8+ {[%clk 0:53:28]} Kg7 {[%clk 0:18:45]} 34. Qxc6
{[%clk 0:53:35]} Qc4 {[%clk 0:16:54]} 35. Qd6 {[%clk 0:53:35]} b4
{[%clk 0:16:05]} 36. c6 {[%clk 0:53:13]} b3 {[%clk 0:16:17]} 37. c7
{[%clk 0:51:11]} b2 {[%clk 0:16:30]} 38. Qe5+ {[%clk 0:51:31]} Kh7
{[%clk 0:16:14]} 39. Qxb2 {[%clk 0:48:03]} Qxc7+ {[%clk 0:15:06]} 40. g3
{[%clk 0:48:17]} Qd6 {[%clk 0:15:00]} 41. Qd4 {[%clk 0:48:41]} Qe6
{[%clk 0:15:16]} 42. f3 {[%clk 0:48:24]} Qf5 {[%clk 0:15:21]} 43. Qf4
{[%clk 0:48:03]} Qe6 {[%clk 0:14:22]} 44. g4 {[%clk 0:48:09]} Kg7
{[%clk 0:12:06]} 45. Kg3 {[%clk 0:48:17]} Kh7 {[%clk 0:12:07]} 46. g5
{[%clk 0:48:07]} Kg7 {[%clk 0:11:59]} 47. Qd4+ {[%clk 0:48:22]} Kg8
{[%clk 0:11:49]} 48. f4 {[%clk 0:48:03]} Qe7 {[%clk 0:11:05]} 49. Kf3
{[%clk 0:46:14]} Qe6 {[%clk 0:11:12]} 50. Kg3 {[%clk 0:44:32]} Qe7
{[%clk 0:11:35]} 51. Kf2 {[%clk 0:44:04]} Qe6 {[%clk 0:11:04]} 52. Ke2
{[%clk 0:44:09]} Qa6+ {[%clk 0:10:40]} 53. Qd3 {[%clk 0:43:55]} Qa2+
{[%clk 0:10:25]} 54. Kf3 {[%clk 0:43:47]} Qh2 {[%clk 0:10:08]} 55. Qb3
{[%clk 0:41:43]} Qh1+ {[%clk 0:09:54]} 56. Ke2 {[%clk 0:41:47]} Qg2+
{[%clk 0:10:07]} 57. Kd1 {[%clk 0:41:57]} Qf3+ {[%clk 0:10:05]} 58. Kc1
{[%clk 0:41:29]} d4 {[%clk 0:09:27]} 59. Qb8+ {[%clk 0:41:47]} Kh7
{[%clk 0:09:56]} 60. exd4 {[%clk 0:41:43]} Qc3+ {[%clk 0:10:09]} 61. Kb1
{[%clk 0:39:59]} Qd3+ {[%clk 0:10:09]} 62. Ka2 {[%clk 0:40:13]} Qxd4
{[%clk 0:10:06]} 63. Kb3 {[%clk 0:40:04]} Qd3+ {[%clk 0:10:25]} 64. Ka4
{[%clk 0:40:16]} Qc4+ {[%clk 0:08:50]} 65. Ka5 {[%clk 0:38:51]} Qa2+
{[%clk 0:08:00]} 66. Kb6 {[%clk 0:39:20]} Qb3+ {[%clk 0:08:11]} 67. Kc7
{[%clk 0:39:17]} Qxb8+ {[%clk 0:08:24]} 68. Kxb8 {[%clk 0:39:45]} Kg7
{[%clk 0:08:37]} 69. Kc7 {[%clk 0:40:09]} Kf8 {[%clk 0:08:55]} 70. Kd7
{[%clk 0:40:32]} Kg8 {[%clk 0:09:16]} 71. Ke8 {[%clk 0:40:45]} Kg7
{[%clk 0:09:41]} 72. Ke7 {[%clk 0:41:09]} Kg8 {[%clk 0:10:05]} 73. Kf6
{[%clk 0:41:32]} Kf8 {[%clk 0:10:27]} 74. f5 {[%clk 0:41:53]} gxf5
{[%clk 0:10:51]} 75. Kxf5 {[%clk 0:42:19]} Kg7 {[%clk 0:11:14]} 76. Ke4 1/2-1/2

[Event "TMH"]
[Site "?"]
[Date "2021.12.21"]
[Round "6.8"]
[White "Valente, Sofia"]
[Black "Marinho, Antonio"]
[Result "1-0"]
[BlackElo "1626"]
[WhiteElo "1262"]
[LiveChessVersion "1.4.8"]

1. d4 {[%clk 1:30:54]} c5 {[%clk 1:30:53]} 2. Nf3 {[%clk 1:29:18]} cxd4
{[%clk 1:31:02]} 3. Nxd4 {[%clk 1:29:03]} Nf6 {[%clk 1:31:19]} 4. Nc3
{[%clk 1:26:25]} Nc6 {[%clk 1:31:02]} 5. e4 {[%clk 1:24:34]} d6 {[%clk 1:30:20]}
6. f3 {[%clk 1:21:16]} e6 {[%clk 1:29:52]} 7. Be3 {[%clk 1:18:03]} Be7
{[%clk 1:30:06]} 8. Qd2 {[%clk 1:16:08]} Bd7 {[%clk 1:30:25]} 9. Ndb5
{[%clk 1:14:57]} Qb8 {[%clk 1:27:49]} 10. O-O-O {[%clk 1:13:53]} O-O
{[%clk 1:26:20]} 11. Nxd6 {[%clk 1:10:55]} a6 {[%clk 1:26:05]} 12. Nc4
{[%clk 1:10:32]} b5 {[%clk 1:24:04]} 13. Nb6 {[%clk 1:01:35]} Ra7
{[%clk 1:24:27]} 14. Qf2 {[%clk 0:59:30]} Rb7 {[%clk 1:23:08]} 15. Nxd7
{[%clk 0:58:15]} Nxd7 {[%clk 1:23:24]} 16. Qg3 {[%clk 0:57:02]} Nde5
{[%clk 1:20:10]} 17. Bh6 {[%clk 0:55:12]} Bf6 {[%clk 1:20:09]} 18. Bg5
{[%clk 0:51:13]} Nd3+ {[%clk 1:19:26]} 19. Bxd3 {[%clk 0:48:46]} Qxg3
{[%clk 1:19:49]} 20. hxg3 {[%clk 0:48:57]} Bxg5+ {[%clk 1:20:17]} 21. f4
{[%clk 0:48:20]} Bh6 {[%clk 1:20:17]} 22. Kb1 {[%clk 0:47:06]} Rd8
{[%clk 1:19:52]} 23. e5 {[%clk 0:45:44]} Nd4 {[%clk 1:16:40]} 24. Ne4 Nf5
{[%clk 1:15:33]} 25. Nc5 {[%clk 0:32:40]} Rbb8 {[%clk 1:13:32]} 26. Bxf5
{[%clk 0:29:58]} exf5 {[%clk 1:13:55]} 27. Nxa6 {[%clk 0:28:19]} Rbc8
{[%clk 1:14:20]} 28. Rd6 Rxd6 {[%clk 1:13:58]} 29. exd6 {[%clk 0:26:51]} Kf8
{[%clk 1:13:42]} 30. Nc7 {[%clk 0:26:21]} Rb8 {[%clk 1:13:43]} 31. Re1
{[%clk 0:26:00]} g5 {[%clk 1:13:54]} 32. d7 {[%clk 0:25:49]} gxf4
{[%clk 1:10:05]} 33. Re8+ {[%clk 0:26:00]} Rxe8 {[%clk 1:09:37]} 34. dxe8=Q+ Kg7
{[%clk 1:09:53]} 35. Qxb5 {[%clk 0:25:55]} fxg3 {[%clk 1:10:14]} 36. Qxf5
{[%clk 0:26:09]} f6 {[%clk 1:10:34]} 37. Ne6+ {[%clk 0:26:23]} Kf7
{[%clk 1:10:54]} 38. Qxh7+ {[%clk 0:26:43]} Kxe6 {[%clk 1:11:16]} 39. Qxh6
{[%clk 0:27:06]} 1-0

[Event "TMH"]
[Site "?"]
[Date "2021.12.21"]
[Round "6.9"]
[White "Sarabando, Rodrigo"]
[Black "Botelho, Adelino"]
[Result "1-0"]
[BlackElo "1412"]
[WhiteElo "1871"]
[LiveChessVersion "1.4.8"]

1. d4 {[%clk 1:30:57]} Nf6 {[%clk 1:25:07]} 2. c4 {[%clk 1:31:22]} d6
{[%clk 1:25:31]} 3. Nf3 {[%clk 1:31:47]} Bg4 {[%clk 1:25:18]} 4. g3
{[%clk 1:28:01]} Nbd7 {[%clk 1:25:29]} 5. Bg2 {[%clk 1:28:08]} c6
{[%clk 1:25:36]} 6. O-O {[%clk 1:28:24]} Qc7 {[%clk 1:25:36]} 7. Nc3
{[%clk 1:28:33]} e5 {[%clk 1:25:02]} 8. dxe5 {[%clk 1:28:17]} dxe5
{[%clk 1:24:43]} 9. Qc2 {[%clk 1:27:32]} Be7 {[%clk 1:24:00]} 10. b3
{[%clk 1:26:45]} O-O {[%clk 1:21:09]} 11. Bb2 {[%clk 1:25:50]} Rfe8
{[%clk 1:20:17]} 12. Nh4 {[%clk 1:25:28]} Rad8 {[%clk 1:16:03]} 13. Nf5
{[%clk 1:25:09]} a6 {[%clk 1:11:29]} 14. Rfd1 {[%clk 1:24:46]} Bf8
{[%clk 1:07:22]} 15. Na4 {[%clk 1:17:50]} Nc5 {[%clk 1:02:02]} 16. Nxc5
{[%clk 1:15:12]} Bxc5 {[%clk 1:02:22]} 17. h3 {[%clk 1:15:06]} Bh5
{[%clk 1:02:09]} 18. g4 {[%clk 1:15:21]} Rxd1+ {[%clk 1:01:28]} 19. Rxd1
{[%clk 1:15:31]} Bg6 {[%clk 1:01:10]} 20. e4 {[%clk 1:11:48]} h5 {[%clk 0:48:16]}
21. Bf3 {[%clk 1:07:34]} hxg4 {[%clk 0:48:04]} 22. hxg4 {[%clk 1:07:47]} Nh7
{[%clk 0:47:56]} 23. Qd2 {[%clk 1:07:12]} f6 {[%clk 0:45:47]} 24. b4
{[%clk 0:59:16]} Bf8 {[%clk 0:45:34]} 25. Be2 {[%clk 0:58:20]} Ng5
{[%clk 0:45:03]} 26. f3 {[%clk 0:56:56]} Nh3+ {[%clk 0:41:59]} 27. Kg2
{[%clk 0:56:09]} Nf4+ {[%clk 0:42:09]} 28. Kf1 {[%clk 0:55:26]} Bf7
{[%clk 0:40:51]} 29. c5 {[%clk 0:53:00]} Be6 {[%clk 0:38:31]} 30. Kf2
{[%clk 0:45:43]} b6 {[%clk 0:36:43]} 31. Qc2 {[%clk 0:44:12]} b5 {[%clk 0:35:09]}
32. Bf1 {[%clk 0:39:50]} Rd8 {[%clk 0:34:10]} 33. a3 {[%clk 0:19:12]} Rxd1
{[%clk 0:34:28]} 34. Qxd1 {[%clk 0:19:36]} Kf7 {[%clk 0:32:53]} 35. Bc1
{[%clk 0:18:34]} Ng6 {[%clk 0:33:01]} 36. Be3 {[%clk 0:18:08]} Kg8
{[%clk 0:33:09]} 37. Bh3 {[%clk 0:17:05]} Kf7 {[%clk 0:32:27]} 38. g5
{[%clk 0:16:21]} Be7 {[%clk 0:28:38]} 39. gxf6 {[%clk 0:15:39]} Bxf6
{[%clk 0:23:06]} 40. Nd6+ {[%clk 0:09:54]} Ke7 {[%clk 0:22:56]} 41. Bxe6
{[%clk 0:10:17]} Kxe6 {[%clk 0:23:08]} 42. Qb3+ 1-0

[Event "TMH"]
[Site "?"]
[Date "2021.12.21"]
[Round "7.6"]
[White "Marinho, Antonio"]
[Black "Sousa, Nuno"]
[Result "0-1"]
[BlackElo "1747"]
[WhiteElo "1626"]
[LiveChessVersion "1.4.8"]

1. d4 {[%clk 1:30:57]} Nf6 {[%clk 1:30:54]} 2. c4 {[%clk 1:30:50]} g6
{[%clk 1:31:18]} 3. Nc3 {[%clk 1:31:10]} Bg7 {[%clk 1:31:44]} 4. e4
{[%clk 1:31:35]} d6 {[%clk 1:32:11]} 5. Nf3 {[%clk 1:31:54]} O-O {[%clk 1:32:35]}
6. Be2 {[%clk 1:32:19]} c6 {[%clk 1:32:47]} 7. O-O {[%clk 1:32:35]} Nbd7
{[%clk 1:32:40]} 8. Be3 {[%clk 1:32:43]} Qc7 {[%clk 1:28:36]} 9. Rc1
{[%clk 1:32:52]} e5 {[%clk 1:26:11]} 10. d5 {[%clk 1:32:46]} Ng4 {[%clk 1:22:06]}
11. Bd2 {[%clk 1:30:58]} f5 {[%clk 1:19:20]} 12. Ng5 {[%clk 1:31:21]} Ndf6
{[%clk 1:19:32]} 13. f3 {[%clk 1:31:23]} Qb6+ {[%clk 1:13:34]} 14. Kh1
{[%clk 1:31:33]} Nf2+ {[%clk 1:13:42]} 15. Rxf2 {[%clk 1:31:56]} Qxf2
{[%clk 1:14:06]} 16. dxc6 {[%clk 1:31:39]} bxc6 {[%clk 1:14:02]} 17. Be1
{[%clk 1:31:43]} Qe3 {[%clk 1:05:23]} 18. Nh3 {[%clk 1:31:46]} fxe4
{[%clk 1:04:37]} 19. Bf2 {[%clk 1:32:01]} Qh6 {[%clk 1:04:49]} 20. Ng1
{[%clk 1:31:33]} exf3 {[%clk 0:58:24]} 21. Bxf3 {[%clk 1:31:42]} Ng4
{[%clk 0:55:40]} 22. Bg3 {[%clk 1:31:42]} Qxh2+ {[%clk 0:55:55]} 0-1

[Event "TMH"]
[Site "?"]
[Date "2021.12.21"]
[Round "7.7"]
[White "Botelho, Adelino"]
[Black "Valente, Sofia"]
[Result "0-1"]
[BlackElo "1262"]
[WhiteElo "1412"]
[LiveChessVersion "1.4.8"]

1. d4 {[%clk 1:23:39]} Nf6 {[%clk 1:30:18]} 2. Nf3 {[%clk 1:23:34]} d5
{[%clk 1:30:04]} 3. Bf4 {[%clk 1:23:49]} c5 {[%clk 1:28:11]} 4. e3
{[%clk 1:24:06]} Qb6 {[%clk 1:22:41]} 5. Nbd2 {[%clk 1:24:10]} Qxb2
{[%clk 1:20:08]} 6. Be2 {[%clk 1:23:37]} Nc6 {[%clk 1:14:43]} 7. dxc5
{[%clk 1:17:39]} Nb4 {[%clk 1:04:50]} 8. Bd3 {[%clk 1:14:29]} Qc3
{[%clk 0:55:59]} 9. O-O {[%clk 1:04:43]} Nxd3 {[%clk 0:53:36]} 10. cxd3
{[%clk 1:05:07]} Qxd3 {[%clk 0:52:05]} 11. Ne5 {[%clk 1:04:33]} Qa3
{[%clk 0:44:39]} 12. Nb3 {[%clk 1:03:57]} e6 {[%clk 0:40:53]} 13. Qc2
{[%clk 1:03:59]} Bd7 {[%clk 0:36:56]} 14. Rfc1 {[%clk 1:03:19]} Rc8
{[%clk 0:36:06]} 15. Nd3 {[%clk 1:00:12]} Qa4 {[%clk 0:32:08]} 16. Kh1
{[%clk 0:58:55]} 0-1

[Event "TMH"]
[Site "?"]
[Date "2021.12.21"]
[Round "7.8"]
[White "Fonseca, Pedro"]
[Black "Farias, David"]
[Result "1-0"]
[BlackElo "1827"]
[WhiteElo "1760"]
[LiveChessVersion "1.4.8"]

1. e4 {[%clk 1:30:49]} c5 {[%clk 1:30:52]} 2. Nf3 {[%clk 1:31:17]} e6
{[%clk 1:31:16]} 3. d4 {[%clk 1:31:46]} cxd4 {[%clk 1:31:42]} 4. Nxd4
{[%clk 1:32:13]} Nc6 {[%clk 1:32:11]} 5. Nc3 {[%clk 1:32:31]} Qc7
{[%clk 1:32:25]} 6. Be3 {[%clk 1:32:58]} a6 {[%clk 1:32:25]} 7. Qf3
{[%clk 1:32:40]} Nf6 {[%clk 1:22:31]} 8. O-O-O {[%clk 1:33:05]} Bb4
{[%clk 1:12:10]} 9. Nxc6 {[%clk 1:29:00]} bxc6 {[%clk 1:05:01]} 10. Bd4
{[%clk 1:25:28]} Be7 {[%clk 1:01:15]} 11. e5 {[%clk 1:19:09]} Nd5
{[%clk 1:00:16]} 12. Ne4 {[%clk 1:16:55]} O-O {[%clk 0:38:15]} 13. c4
{[%clk 1:11:08]} f5 {[%clk 0:34:30]} 14. Nd6 {[%clk 1:06:21]} Nb6
{[%clk 0:21:46]} 15. Qe3 {[%clk 1:01:21]} Na4 16. c5 {[%clk 0:59:10]} Qa5
{[%clk 0:10:56]} 17. Qa3 {[%clk 0:55:26]} Bg5+ {[%clk 0:10:11]} 18. Kc2
{[%clk 0:54:59]} Rb8 {[%clk 0:08:58]} 19. b3 {[%clk 0:53:21]} Qd8
{[%clk 0:06:53]} 20. Qxa4 {[%clk 0:53:21]} f4 {[%clk 0:06:29]} 21. Bd3
{[%clk 0:52:25]} f3 {[%clk 0:05:39]} 22. g3 {[%clk 0:51:13]} Be7 {[%clk 0:04:54]}
23. Bc3 {[%clk 0:50:54]} Bg5 {[%clk 0:02:09]} 24. Qe4 {[%clk 0:51:11]} g6
{[%clk 0:02:19]} 25. h4 {[%clk 0:51:33]} 1-0

[Event "TMH"]
[Site "?"]
[Date "2021.12.21"]
[Round "7.9"]
[White "Machiavelo, Antonio"]
[Black "Andrade, Ricardo"]
[Result "0-1"]
[BlackElo "1816"]
[WhiteElo "1699"]
[LiveChessVersion "1.4.8"]

1. d4 {[%clk 1:27:33]} Nf6 {[%clk 1:30:53]} 2. Bf4 {[%clk 1:27:52]} e6
{[%clk 1:31:10]} 3. e3 {[%clk 1:28:02]} c5 {[%clk 1:31:29]} 4. c3
{[%clk 1:28:16]} b6 {[%clk 1:31:43]} 5. Nf3 {[%clk 1:28:20]} Be7 {[%clk 1:31:34]}
6. Bd3 {[%clk 1:27:43]} Ba6 {[%clk 1:31:48]} 7. Qe2 {[%clk 1:27:27]} Bxd3
{[%clk 1:32:12]} 8. Qxd3 {[%clk 1:27:49]} cxd4 {[%clk 1:32:08]} 9. exd4
{[%clk 1:23:43]} Nc6 {[%clk 1:31:02]} 10. Nbd2 {[%clk 1:23:41]} d5
{[%clk 1:30:50]} 11. Ne5 {[%clk 1:21:26]} Nxe5 {[%clk 1:30:10]} 12. dxe5
{[%clk 1:21:48]} Nd7 {[%clk 1:29:34]} 13. O-O {[%clk 1:19:56]} O-O
{[%clk 1:29:53]} 14. Rfe1 {[%clk 1:18:58]} Bg5 {[%clk 1:26:35]} 15. Qg3
{[%clk 1:17:43]} Bxf4 {[%clk 1:26:59]} 16. Qxf4 {[%clk 1:18:06]} f6
{[%clk 1:23:43]} 17. Qg4 {[%clk 1:15:26]} f5 {[%clk 1:19:49]} 18. Qg3
{[%clk 1:14:10]} Rc8 {[%clk 1:18:29]} 19. Nf3 {[%clk 1:09:13]} Qe7
{[%clk 1:17:41]} 20. Rad1 {[%clk 1:08:32]} Nc5 {[%clk 1:17:32]} 21. Nd4
{[%clk 1:06:02]} Kh8 {[%clk 1:10:53]} 22. f4 {[%clk 0:56:48]} Ne4
{[%clk 1:08:52]} 23. Qd3 {[%clk 0:55:31]} Rg8 {[%clk 1:07:12]} 24. g3
{[%clk 0:42:58]} g5 {[%clk 1:06:25]} 25. Rf1 {[%clk 0:43:22]} g4 {[%clk 1:05:27]}
26. Rc1 {[%clk 0:40:13]} Rg6 {[%clk 1:04:42]} 27. Rc2 {[%clk 0:40:31]} Rh6
{[%clk 1:03:49]} 28. Rfc1 {[%clk 0:37:07]} Rc4 {[%clk 0:33:51]} 29. b3
{[%clk 0:37:13]} Rc8 {[%clk 0:34:01]} 30. c4 {[%clk 0:36:42]} Qb4
{[%clk 0:34:06]} 31. a3 {[%clk 0:31:52]} Qxa3 {[%clk 0:34:24]} 32. cxd5
{[%clk 0:31:05]} Qxc1+ {[%clk 0:34:27]} 33. Rxc1 {[%clk 0:31:27]} Rxc1+
{[%clk 0:34:53]} 34. Kg2 {[%clk 0:31:49]} Rh1 {[%clk 0:34:48]} 35. Nf3
{[%clk 0:20:39]} gxf3+ {[%clk 0:34:43]} 36. Kxf3 {[%clk 0:21:01]} R6xh2
{[%clk 0:27:58]} 37. dxe6 {[%clk 0:17:02]} Rd2 {[%clk 0:19:32]} 38. Qb5
{[%clk 0:12:14]} Rf2+ {[%clk 0:18:10]} 39. Ke3 {[%clk 0:12:36]} Re1+
{[%clk 0:18:09]} 40. Kd3 {[%clk 0:12:36]} Rd2+ {[%clk 0:18:21]} 41. Kc4
{[%clk 0:13:00]} Rc1+ {[%clk 0:18:20]} 42. Kb4 {[%clk 0:13:23]} Rd4+
{[%clk 0:18:19]} 43. Ka3 {[%clk 0:13:40]} Ra1+ {[%clk 0:18:37]} 44. Kb2
{[%clk 0:14:02]} Ra2+ {[%clk 0:18:53]} 45. Kc1 {[%clk 0:13:25]} Rd1+
{[%clk 0:19:13]} 0-1